Spiritual socialism (Hindu samajband) (Record no. 61793)

MARC details
000 -LEADER
fixed length control field 00622cam a22002291 4500
001 - CONTROL NUMBER
control field sa 65000881
003 - CONTROL NUMBER IDENTIFIER
control field DLC
005 - DATE AND TIME OF LATEST TRANSACTION
control field 20260227112106.0
008 - FIXED-LENGTH DATA ELEMENTS--GENERAL INFORMATION
fixed length control field 861030s1964 ii 000 0 eng
010 ## - LIBRARY OF CONGRESS CONTROL NUMBER
LC control number sa 65000881
025 ## - OVERSEAS ACQUISITION NUMBER
Overseas acquisition number PL480:I-E-3602
035 ## - SYSTEM CONTROL NUMBER
System control number (OCoLC)14575011
040 ## - CATALOGING SOURCE
Original cataloging agency DLC
Transcribing agency WaU
Modifying agency DLC
042 ## - AUTHENTICATION CODE
Authentication code premarc
050 00 - LIBRARY OF CONGRESS CALL NUMBER
Classification number HX392
Item number .B3
100 1# - MAIN ENTRY--PERSONAL NAME
Personal name Banerjee, Nitya Narayan.
245 10 - TITLE STATEMENT
Title Spiritual socialism (Hindu samajband)
260 ## - PUBLICATION, DISTRIBUTION, ETC.
Place of publication, distribution, etc. Calcutta,
Name of publisher, distributor, etc. Indian Institute of Education
Date of publication, distribution, etc. [1964]
300 ## - PHYSICAL DESCRIPTION
Extent viii, 158 p.
Dimensions 20 cm.
650 #0 - SUBJECT ADDED ENTRY--TOPICAL TERM
Topical term or geographic name entry element Socialism
Geographic subdivision India.
650 #0 - SUBJECT ADDED ENTRY--TOPICAL TERM
Topical term or geographic name entry element Socialism and Hinduism.

No items available.

Powered by Koha